LEADER 01566nam a2200301 i 4500 001 000000038018 003 CaOOAMICUS 005 20260507105725.0 008 100901s1985 it u000 u ita u 013 $a8423 020 $a88-372-1262-3 040 $aSeMil$bita 100 1 $aGuardini, Romano,$d<1885-1968>.$0(OLS)http://semarc/name/3002 240 10$aDrei Schriftauslegungen : In Anfang war das Wort, Die christliche Liebe, Das Harren der Schöpfung.$0(OLS)http://semarc/title/53497 245 10$aTre interpretazioni scritturistiche :$bin principio era il Verbo, L'amore cristiano, L'attesa della creazione /$cRomano Guardini ; [trad. di Giulio Colombi]. 260 $aBrescia :$bMorcelliana,$c1985. 300 $a112 p. ;$c17 cm. 650 4$aBibbia - NT - 1 Corinzi 13.$0(OLS)http://semarc/subject/7666 650 4$aBibbia - NT - Giovanni, 1.$0(OLS)http://semarc/subject/7667 650 4$aBibbia - NT - Lettere ai Romani 8, 12-31.$0(OLS)http://semarc/subject/7668 700 1 $aColombi, Giulio.$0(OLS)http://semarc/name/1227 830 0$aOpere di Romano Guardini .$0(OLS)http://semarc/title/423872 850 $aSeMil 852 $aSeMil$W1$xVenegono$y1$m2UA O 26$j271482$B4173$CSeMilBibl$Z2$F4173 $81 996 $6020$a88-372-1262-3$9(OLS)http://semarc/number/7173 996 $6245$aTre interpretazioni scritturistiche :$bin principio era il Verbo, L'amore cristiano, L'attesa della creazione$9(OLS)http://semarc/title/53496 996 $6260$aBrescia :$bMorcelliana$9(OLS)http://semarc/publisher/29629